The Kottak anthropology atlas / (Record no. 5727)
[ view plain ]
| 000 -LEADER | |
|---|---|
| fixed length control field | 01316nac a22002531u 4500 |
| 008 - FIXED-LENGTH DATA ELEMENTS--GENERAL INFORMATION | |
| fixed length control field | 110928t xxu||||| |||| 00| 0 eng d |
| 010 ## - LIBRARY OF CONGRESS CONTROL NUMBER | |
| LC control number | 2003683723 |
| 020 ## - INTERNATIONAL STANDARD BOOK NUMBER | |
| International Standard Book Number | 0072832282 |
| 082 00 - DEWEY DECIMAL CLASSIFICATION NUMBER | |
| Classification number | 301.0223 |
| Item number | ALL |
| 100 ## - MAIN ENTRY--PERSONAL NAME | |
| Personal name | Allen, John Logan, |
| 9 (RLIN) | 27384 |
| 245 14 - TITLE STATEMENT | |
| Title | The Kottak anthropology atlas / |
| Statement of responsibility, etc | John L. Allen, Audrey C. Shalinsky. |
| 260 ## - PUBLICATION, DISTRIBUTION, ETC. (IMPRINT) | |
| Place of publication, distribution, etc | Boston : |
| Name of publisher, distributor, etc | McGraw-Hill Higher Education,2004 |
| Date of publication, distribution, etc | c2004. |
| 300 ## - PHYSICAL DESCRIPTION | |
| Extent | 1 atlas (xiv, 41 p.) : |
| Other physical details | col ill., col. maps ; |
| Dimensions | 26 cm. |
| 500 ## - GENERAL NOTE | |
| General note | "Maps reprinted from John L. Allen and Audrey C. Shalinsky, Student atlas of anthropology, McGraw-Hill, 2004"--T.p. verso. |
| 500 ## - GENERAL NOTE | |
| General note | "This atlas is designed to accompany three books by Conrad Phillip Kottak -- Anthropology: the exploration of human diversity (10th ed.), Cultural anthropology (10th ed.), and Physical anthropology and archaeology -- all published by McGraw-Hill (2004)"--P. ix. |
| 500 ## - GENERAL NOTE | |
| General note | distributer: Al-Ahram |
| 511 ## - PARTICIPANT OR PERFORMER NOTE | |
| Participant or performer note | catalogued by: wessam |
| 650 #0 - SUBJECT ADDED ENTRY--TOPICAL TERM | |
| Topical term or geographic name as entry element | Anthropology |
| Form subdivision | Maps. |
| 9 (RLIN) | 27385 |
| 650 #0 - SUBJECT ADDED ENTRY--TOPICAL TERM | |
| Topical term or geographic name as entry element | Atlases. |
| 9 (RLIN) | 27386 |
| 700 1# - ADDED ENTRY--PERSONAL NAME | |
| Personal name | Shalinsky, Audrey. |
| 9 (RLIN) | 27387 |
| 700 1# - ADDED ENTRY--PERSONAL NAME | |
| Personal name | Kottak, Conrad Phillip. |
| 9 (RLIN) | 27388 |
| 942 ## - ADDED ENTRY ELEMENTS (KOHA) | |
| Item type | Book - Borrowing |
| Call number prefix | 301.0223ALL |
| Source of classification or shelving scheme | Dewey Decimal Classification |
| Withdrawn status | Item status | Source of classification or shelving scheme | Damaged status | Not for loan | Vendor | Home library | Current library | Shelving location | Date acquired | Source of acquisition | Total Checkouts | Total Renewals | Full call number | Barcode | Date last seen | Date last borrowed | Koha item type |
|---|---|---|---|---|---|---|---|---|---|---|---|---|---|---|---|---|---|
| Dewey Decimal Classification | Central Library | Central Library | First floor | 27/09/2011 | 1 | 1 | 301.0223ALL | 000007196 | 15/07/2025 | 03/10/2017 | Book - Borrowing |